000 00528nam a22001937a 4500
003 KOHA_MİRAKIL
005 20251123123832.0
008 251123b tu ||||| |||| 00| 0 tur d
020 _a9789754379181
040 _aTR-AnABB
_btur
_cTR-AnABB
041 _atur
082 _a956.101543
_bKAR 2012
100 1 _aKaraköse, Nejdet,
245 1 0 _aNuri Paşa (Killigil) /
_cNejdet Karaköse
260 _aİstanbul :
_bÖtüken Neşriyat,
_c2012
300 _a502 sayfa ;
_c23 cm
650 0 4 _aTarih
942 _2ddc
_cBK
999 _c9551
_d9551
900 _bGizem YORULMAZ